Théorie des jeux et analyse économique

Salvato in:
Dettagli Bibliografici
Autore principale: Demange, Gabrielle
Altri autori: Ponssard, Jean-Pierre
Natura: Libro
Lingua:francese
Pubblicazione: Paris Presses Universitaires de France 1994
Serie:Économie
Soggetti:
Tags: Aggiungi Tag
Nessun Tag, puoi essere il primo ad aggiungerne!!

MARC

LEADER 00000nam$a2200000$$$4500
001 0112817
005 20240111124619.4
020 |a 2-13-045973-0 
022 |a 0991-5168 
041 0 |a fre 
044 |a FR 
245 1 0 |a Théorie des jeux et analyse économique  |c Gabrielle Demange, Jean-Pierre Ponssard 
264 1 |a Paris  |b Presses Universitaires de France  |c 1994 
300 |a 233 s. 
490 1 |a Économie 
830 0 |a Économie 
610 2 0 |a analýza ekonomická 
610 2 0 |a modely 
100 1 |a Demange, Gabrielle 
700 1 |a Ponssard, Jean-Pierre